[Event "Golden Cleopatra op"]
[Site "Cairo"]
[Date "2016.12.17"]
[Round "5"]
[White "Fawzy, Adham"]
[Black "Ghoneim, Ahmed Mohamed"]
[Result "1-0"]
[WhiteElo "2421"]
[BlackElo "2047"]
[PlyCount "57"]
[EventDate "2016.12.13"]
[EventType "swiss"]
[EventRounds "10"]
[EventCountry "EGY"]
[SourceTitle "CBM 176 Extra"]
[Source "ChessBase"]
[SourceDate "2017.03.02"]
[SourceVersion "1"]
[SourceVersionDate "2017.03.02"]
[SourceQuality "1"]

1. e4 c5 2. c4 Nc6 3. Ne2 g6 4. d4 cxd4 5. Nxd4 Bg7 6. Be3 Nf6 7. Nc3 0-0 8. Be2 d6 9. 0-0 Bd7 10. f3 Nxd4 11. Bxd4 a5 12. c5 Ne8 13. Bxg7 Kxg7 14. Qd4+ f6 15. Rfd1 Bc6 16. Rac1 Qb8 17. Nd5 Bxd5 18. Qxd5 Nc7 19. Qc4 Qa7 20. Kf1 Qxc5 21. Qb3 a4 22. Rxc5 axb3 23. Rxc7 bxa2 24. Ra1 b5 25. Rxe7+ Kh6 26. Rb7 Rfc8 27. Rxb5 Rc2 28. Rb3 Ra5 29. Ra3 1-0